00626nam a22002177a 450000500170000001000110001702000100002803500110003803700170004904000120006608200130007810000250009124501050011626000400022127000260026130000330028750000190032065000120033965000310035170000260038220170124110223.0 a163733 c00.00 a163733 bCen Lib/ Ret aDPLbEN a560bFEN aFenton, Carroll Lane aThe fossil book :cby Carroll Lane Fenton [and] Mildred Adams Fentonba record of prehistoric life / bDoubleday & Companyc1958aNew York aGarden CitybNew York axiii,482p. :c25cm(Hb)bill. aIncludes index aFossils aFossiles -- Identification aFenton, Mildred Adams